Quoted sector must look abroad (Record no. 66468)
[ view plain ]
| 000 -LEADER | |
|---|---|
| fixed length control field | 01427cam a2200205 4500 |
| 001 - CONTROL NUMBER | |
| control field | ABS63721 |
| 008 - FIXED-LENGTH DATA ELEMENTS--GENERAL INFORMATION | |
| fixed length control field | 000000n2001 000 0 eng u |
| 035 ## - SYSTEM CONTROL NUMBER | |
| System control number | (Sirsi) u111533 |
| 100 ## - MAIN ENTRY--PERSONAL NAME | |
| Personal name | Plender, J. |
| 245 ## - TITLE STATEMENT | |
| Title | Quoted sector must look abroad |
| 260 ## - PUBLICATION, DISTRIBUTION, ETC. | |
| Date of publication, distribution, etc. | 2001 |
| 490 ## - SERIES STATEMENT | |
| Series statement | Estates Gazette |
| Volume/sequential designation | (0110) 10 March 2001, 56(1) |
| 520 ## - SUMMARY, ETC. | |
| Summary, etc. | Discusses the Paul Myners report on institutional investment, commissioned by the Treasury and published prior to the 2001 Budget. Suggests its findings will be welcomed by small-to-medium sized companies. For it recognises there are flaws in the investment decision-making process that need to be addressed. Myners is critical, for instance, of index-based benchmarks, suggesting these are imprecise and easily distorted. In addition the report suggests that the asset allocation process is frequently given too little weight in relation to stock selection. Contends that Myners' recommendations will actually do little to help the property industry. Suggests the industry is to blame for many of its problems. If investors are to be encouraged to put more money into the quoted property sector, the property industry must take a long hard look at itself. Recommends that the industry focus on attracting overseas investors. |
| 590 ## - LOCAL NOTE (RLIN) | |
| Local note | ABS |
| 650 ## - SUBJECT ADDED ENTRY--TOPICAL TERM | |
| Topical term or geographic name entry element | QUOTED SECTOR |
| 650 ## - SUBJECT ADDED ENTRY--TOPICAL TERM | |
| Topical term or geographic name entry element | MYNERS REPORT |
| 650 ## - SUBJECT ADDED ENTRY--TOPICAL TERM | |
| Topical term or geographic name entry element | PROPERTY INDUSTRY |
| 690 ## - LOCAL SUBJECT ADDED ENTRY--TOPICAL TERM (OCLC, RLIN) | |
| Topical term or geographic name as entry element | INVESTMENT |
| 942 ## - ADDED ENTRY ELEMENTS (KOHA) | |
| Suppress in OPAC | 0 |
| Withdrawn status | Lost status | Source of classification or shelving scheme | Damaged status | Not for loan | Home library | Current library | Shelving location | Date acquired | Total Checkouts | Full call number | Barcode | Date last seen | Copy number | Price effective from | Koha item type |
|---|---|---|---|---|---|---|---|---|---|---|---|---|---|---|---|
| Dewey Decimal Classification | London | London | Journal article | 21/03/2001 | ABS63721 | 111533-1001 | 06/08/2019 | 1 | 06/08/2019 | Journal article |